Additionsaufgaben: Addiere zur Summe 1000 - Statistiken

Allgemein
  • Dieses Quiz wurde 56 mal gespielt
  • Das Durchschnittsergebnis liegt bei 8 aus 16
Antwortstatistiken
Aufgabe Summand % Korrekt
850+ 150
100%
919+ 81
100%
733+ 267
98%
200+534+ 266
94%
611+222+ 167
73%
255+238+ 507
73%
677+142+ 181
63%
456+91+ 453
53%
181+576+232+ 11
37%
123+650+53+ 174
31%
66+511+206+ 217
16%
345+386+154+ 115
10%
321+258+159+ 262
10%
321+85+412+120+ 62
10%
56+174+96+151+ 523
6%
147+98+621+23+ 111
4%
Keine übereinstimmenden Quizze gefunden
Verteilung der Resultate
Anzahl Personen mit jedem Resultat
Perzentil nach korrekt beantworteten Fragen
Ihre Resultats-Entwicklung
Sie haben dieses Quiz noch nicht gespielt